BIBLIOTECA

SENCICO

Técnicas de presentación en color : (Registro nro. 2208)

Detalles MARC
000 -LEADER
fixed length control field 00839nam a2200205Ia 4500
003 - CONTROL NUMBER IDENTIFIER
control field PE SENCICO BE
005 - DATE AND TIME OF LATEST TRANSACTION
control field 20251020182535.0
008 - FIXED-LENGTH DATA ELEMENTS--GENERAL INFORMATION
fixed length control field 200515s9999 xx 000 0 und d
040 ## - CATALOGING SOURCE
Original cataloging agency PE SENCICO BE
Transcribing agency PE SENCICO BE
041 ## - LANGUAGE CODE
Language code of text/sound track or separate title spa
082 ## - DEWEY DECIMAL CLASSIFICATION NUMBER
Classification number 72.019
Item number D75
100 1# - MAIN ENTRY--PERSONAL NAME
Personal name Dong, Wei
9 (RLIN) 42
245 10 - TITLE STATEMENT
Title Técnicas de presentación en color :
Remainder of title una guía para arquitectos y diseñadores de interiores /
Statement of responsibility, etc. Wei Dong
260 ## - PUBLICATION, DISTRIBUTION, ETC.
Place of publication, distribution, etc. México, D.F.:
Name of publisher, distributor, etc. McGraw Hill,
Date of publication, distribution, etc. 2000
300 ## - PHYSICAL DESCRIPTION
Extent 139 p.:
Other physical details il. col., fotog.,
Dimensions 21 cm.
520 ## - SUMMARY, ETC.
Summary, etc. Se expone el conocimiento, los instrumentos, las técnicas, los ejercicios y los procedimientos que se requieren para lograr una representación gráfica de gran calidad.
650 10 - SUBJECT ADDED ENTRY--TOPICAL TERM
Topical term or geographic name entry element Artes visuales
9 (RLIN) 17
650 20 - SUBJECT ADDED ENTRY--TOPICAL TERM
Topical term or geographic name entry element Diseño arquitectónico
9 (RLIN) 18
942 ## - ADDED ENTRY ELEMENTS (KOHA)
Koha item type Libros
Source of classification or shelving scheme Dewey Decimal Classification
Classification part 72.019
Item part D75
Existencias
Fecha de la última vez que lo usaron Pago total Signatura topográfica completa Código de barras Precio efectivo desde Tipo de documento Estado perdido Estado dañado No es para préstamo Retirado Ubicación permanente Ubicación actual Fecha de adquisición
15/05/2020   72.019/D75 Bib-Lima15052208 15/05/2020 Libros         Biblioteca Central Lima Biblioteca Central Lima 15/05/2020